000 00389nam a22001697a 4500
003 OSt
005 20220228112129.0
008 220228b |||||||| |||| 00| 0 eng d
020 _a8173813647
040 _cHU
082 _a338.9
100 _aContemporary
_927526
245 _aContemporary Development Economics
260 _aLondon
_bLondon
300 _f656
942 _2ddc
_cBOOKS
_n0
999 _c31885
_d31885